• 首页
  • 本馆介绍
  • 公告通知
  • 最新文献
  • 馆藏检索
  • 电子资源
  • 读者导购
  • 参考咨询
  • 我的图书馆
  • 登录
  • 详细信息显示
  • 放入我的书架
  • 预约/预借图书
  • 作者相关作品
  • 分类相关作品
  • 丛书相关作品
  • 出版社相关作品

书目信息

  • 表格格式
  • 工作单格式
  • 卡片格式
题名:
发育生物学
    
 
作者: 张红卫 主编
分册:  
出版信息: 北京   高等教育出版社  2013.1
页数: 321页
开本: 28cm
丛书名:
单 册:
中图分类: Q132
科图分类:
主题词: 发育生物学--高等教育--教材
电子资源:
ISBN: 978-7-04-035516-1
000 01077nam0 2200265 450
001 0400005427
005 20171113091902.54
010    @a978-7-04-035516-1@dCNY39.80
100    @a20171028e20162013em y0chiy ea
101 0  @achi
102    @aCN@b110000
105    @aa z 001yy
106    @ar
200 1  @a发育生物学@Afa yu sheng wu xue@f张红卫主编
205    @a第3版
210    @a北京@c高等教育出版社@d2013.1@h2016.12
215    @a321页@c图@d28cm
300    @a普通高等教育“十一五”国家级规划教材
330    @a本书分为3篇,系统介绍了发育生物学的基础知识和基本理论,以及发育生物学的最新研究进展。第一篇“发育生物学基础”,讲述细胞命运的决定、细胞分化的分子机制等内容;第二篇“动物胚胎发育”,介绍从生殖细胞发生开始的整个动物胚胎发育和器官形成等发育事件及其调控原理;第三篇“发育生物学其他研究领域”,主要介绍干细胞生物学、发育机制的进化等内容。
510 1  @aDevelopmental biology@zeng
606 0  @a发育生物学@x高等教育@j教材
690    @aQ132@v5
701  0 @a张红卫@Azhang hong wei@4主编
801  0 @aCN@b上海新华@c20171028
905    @b1028442-5@dQ132@e234=3@f4
    
    发育生物学/张红卫主编.-第3版.-北京:高等教育出版社,2013.1(2016.12)
    321页:图;28cm
    普通高等教育“十一五”国家级规划教材
    
    ISBN 978-7-04-035516-1:CNY39.80
    本书分为3篇,系统介绍了发育生物学的基础知识和基本理论,以及发育生物学的最新研究进展。第一篇“发育生物学基础”,讲述细胞命运的决定、细胞分化的分子机制等内容;第二篇“动物胚胎发育”,介绍从生殖细胞发生开始的整个动物胚胎发育和器官形成等发育事件及其调控原理;第三篇“发育生物学其他研究领域”,主要介绍干细胞生物学、发育机制的进化等内容。
●
相关链接 在E读中查询图书 在五车中查询图书 在当当中查询图书 在豆瓣中查询图书


正题名:发育生物学     索取号:Q132/234=3         预约/预借

序号 登录号 条形码 馆藏地/架位号 状态 备注
1 1028442   210284422   第二样本阅览室/ [索取号:Q132/234=3] 在馆    
2 1028443   210284431   第三借阅区/ [索取号:Q132/234=3] 在馆    
3 1028444   210284440   密集书库-生命科学系/ [索取号:Q132/234=3] 在馆    
4 1028445   210284459   第三借阅区/ [索取号:Q132/234=3] 在馆    
唐山师范学院图书馆 欢迎您!
大连网信软件有限公司© 版权所有